Οργάνωση, διοίκηση, εποπτεία των ελληνικών πανεπιστημίων από το 1932 έως σήμερα : μια ιστορική-συγκριτική μελέτη : διπλωματική εργασία [μεταπτυχιακή εργασία]
Αποθηκεύτηκε σε:
| Κύριος συγγραφέας: | |
|---|---|
| Συγγραφή απο Οργανισμό/Αρχή: | |
| Άλλοι συγγραφείς: | |
| Μορφή: | Thesis Βιβλίο |
| Γλώσσα: | Greek |
| Δημοσίευση: |
2014
|
| Θέματα: | |
| Διαθέσιμο Online: | http://hdl.handle.net/11610/14309 |
| Ετικέτες: |
Προσθήκη ετικέτας
Δεν υπάρχουν, Καταχωρήστε ετικέτα πρώτοι!
|
MARC
| LEADER | 00000cam a2200000 i 4500 | ||
|---|---|---|---|
| 001 | 1/58553 | ||
| 008 | 141027s gre d | ||
| 035 | |l 10119543 | ||
| 040 | |a GR-MY-UA |b gre |e aacr | ||
| 041 | 0 | |a gre | |
| 082 | 0 | |a 378.495 |2 (22) | |
| 100 | 1 | |a Μπούσιου, Ουρανία Ηλ. | |
| 245 | 1 | 0 | |a Οργάνωση, διοίκηση, εποπτεία των ελληνικών πανεπιστημίων από το 1932 έως σήμερα : |b μια ιστορική-συγκριτική μελέτη : διπλωματική εργασία [μεταπτυχιακή εργασία] / |c Ουρανία Ηλ. Μπούσιου ; επιβλέπων: Αναστάσιος Κοντάκος |
| 260 | |c 2014 | ||
| 300 | |a 266 σ.; |c 30 εκ. | ||
| 500 | |a Μέλη εξεταστικής επιτροπής: Ιωσήφ Μπουζάκης, Χαρίλαος Λαμπρόπουλος | ||
| 502 | |a Διατριβή (μεταπτυχιακή) – Πανεπιστήμιο Αιγαίου, Ρόδος, 2014. | ||
| 504 | |a Βιβλιογραφία: σ. 260-266 | ||
| 650 | 0 | 0 | |a Universities and colleges |z Greece. |
| 650 | 0 | 0 | |a Universities and colleges |x Administration. |
| 650 | 0 | 0 | |a Educational change. |
| 650 | 0 | 0 | |a Education, Higher. |
| 650 | 0 | 0 | |a Dissertations, Academic |z Greece. |
| 700 | 1 | |a Κοντάκος, Αναστάσιος. |4 ths | |
| 710 | 2 | |a Πανεπιστήμιο Αιγαίου |b Σχολή Ανθρωπιστικών Επιστημών |b Τμήμα Επιστημών της Προσχολικής Αγωγής και του Εκπαιδευτικού Σχεδιασμού |b Πρόγραμμα Μεταπτυχιακών Σπουδών Μοντέλα Σχεδιασμού και Ανάπτυξης Εκπαιδευτικών Μονάδων . | |
| 852 | |a INST |b RHODES |c DIATR |e 20141027 |h 378.495 ΜΠΟ |p 005400037124 |q 005400037124 |t MTXE |y 23 | ||
| 852 | |a INST |b RHODES |c DIATR |e 20141027 |h 378.495 ΜΠΟ |p 005400037125 |q 005400037125 |t MTXE |y 23 | ||
| 856 | |u http://hdl.handle.net/11610/14309 | ||
| 901 | |a BIBL4-2014-3 | ||
| 909 | |a Ρ |b 183450 | ||
| 909 | |a Ρ |b 183449 | ||
| 924 | |a ΜΠΟΥΣΙΟΥ |b ΟΛΓΑ |y ΡΟΔΟΣ |z 2014-07 | ||
| 970 | |z 2014/10/27 | ||